000 00672nam a22001817a 4500
999 _c9194
_d9194
003 AR-CdUCM
008 190327b ||||| |||| 00| 0 spa d
040 _aMUNICIPALIDAD PROVINCIAL DEL CUSCO
_cBIBLIOTECA MUNICIPAL DEL CUSCO
082 _a361.7634 /
_bAP645
110 _aFederación internacional de sociedades de la cruz roja y la media luna roja
_925253
245 _aApoyo psicosocial y salud mental comunitaria :
_ben el proceso de reconstrucción posterremoto en Chincha /
260 _aLima :
_bCruz Roja,
_c2010.
300 _a99 páginas ;
_bimágenes.
_c17 cm.
650 _aTerremoto.
_910152
650 _aChincha.
_92320
942 _2ddc
_cLIBROS
945 _awfj